<?xml version="1.0" encoding="UTF-8"?>
<record
    xmlns:xsi="http://www.w3.org/2001/XMLSchema-instance"
    xsi:schemaLocation="http://www.loc.gov/MARC21/slim http://www.loc.gov/standards/marcxml/schema/MARC21slim.xsd"
    xmlns="http://www.loc.gov/MARC21/slim">

  <leader>01213nam a22002655a 4500</leader>
  <controlfield tag="003">OSt</controlfield>
  <controlfield tag="005">20170503111740.0</controlfield>
  <controlfield tag="008">160922s2008    ua     frb   f000 0 ara d</controlfield>
  <datafield tag="015" ind1=" " ind2=" ">
    <subfield code="2">2008 / 8713</subfield>
  </datafield>
  <datafield tag="020" ind1=" " ind2=" ">
    <subfield code="a">9789770316267</subfield>
  </datafield>
  <datafield tag="040" ind1=" " ind2=" ">
    <subfield code="a">EG-ScBUE</subfield>
    <subfield code="b">ara</subfield>
    <subfield code="c">EG-ScBUE</subfield>
    <subfield code="d">EG-ScBUE</subfield>
  </datafield>
  <datafield tag="082" ind1="0" ind2="4">
    <subfield code="a">345.01</subfield>
    <subfield code="b">&#x64A; &#x648; &#x633;</subfield>
    <subfield code="2">22</subfield>
  </datafield>
  <datafield tag="100" ind1="1" ind2=" ">
    <subfield code="a">&#x64A;&#x648;&#x633;&#x641;&#x60C; &#x623;&#x645;&#x64A;&#x631; &#x641;&#x631;&#x62C;.</subfield>
  </datafield>
  <datafield tag="245" ind1="1" ind2="2">
    <subfield code="a">&#x627;&#x644;&#x645;&#x62D;&#x643;&#x645;&#x629; &#x627;&#x644;&#x62C;&#x646;&#x627;&#x626;&#x64A;&#x629; &#x627;&#x644;&#x62F;&#x648;&#x644;&#x64A;&#x629; &#x648;&#x627;&#x644;&#x637;&#x627;&#x628;&#x639; &#x627;&#x644;&#x642;&#x627;&#x646;&#x648;&#x646;&#x64A; &#x644;&#x647;&#x627; &#x648;&#x646;&#x634;&#x648;&#x621; &#x639;&#x646;&#x627;&#x635;&#x631; &#x641;&#x648;&#x642; &#x627;&#x644;&#x648;&#x637;&#x646;&#x64A;&#x629; &#x641;&#x64A; &#x627;&#x644;&#x642;&#x636;&#x627;&#x621; &#x627;&#x644;&#x62C;&#x646;&#x627;&#x626;&#x64A; &#x627;&#x644;&#x62F;&#x648;&#x644;&#x64A; :</subfield>
    <subfield code="b">&#x637;&#x628;&#x642;&#x627; &#x644;&#x646;&#x638;&#x627;&#x645; &#x631;&#x648;&#x645;&#x627; &#x627;&#x644;&#x623;&#x633;&#x627;&#x633;&#x64A; &#x644;&#x644;&#x645;&#x62D;&#x643;&#x645;&#x629; &#x627;&#x644;&#x62C;&#x646;&#x627;&#x626;&#x64A;&#x629; &#x627;&#x644;&#x62F;&#x648;&#x644;&#x64A;&#x629; &#x627;&#x644;&#x645;&#x639;&#x62A;&#x645;&#x62F; &#x641;&#x64A; &#x631;&#x648;&#x645;&#x627; &#x641;&#x64A; 17 &#x62A;&#x645;&#x648;&#x632; / &#x64A;&#x648;&#x644;&#x64A;&#x647; 1998 /</subfield>
    <subfield code="c">&#x623;&#x645;&#x64A;&#x631; &#x641;&#x631;&#x62C; &#x64A;&#x648;&#x633;&#x641;.</subfield>
  </datafield>
  <datafield tag="246" ind1="3" ind2="3">
    <subfield code="a">International criminal court </subfield>
  </datafield>
  <datafield tag="260" ind1=" " ind2=" ">
    <subfield code="a">&#x627;&#x644;&#x625;&#x633;&#x643;&#x646;&#x62F;&#x631;&#x64A;&#x629;&#x60C; &#x645;&#x635;&#x631; :</subfield>
    <subfield code="b">&#x645;&#x646;&#x634;&#x623;&#x629; &#x627;&#x644;&#x645;&#x639;&#x627;&#x631;&#x641;&#x60C;</subfield>
    <subfield code="c">2008.</subfield>
  </datafield>
  <datafield tag="300" ind1=" " ind2=" ">
    <subfield code="a">834 &#x635;. &#x61B;</subfield>
    <subfield code="c">24 &#x633;&#x645;.</subfield>
  </datafield>
  <datafield tag="490" ind1="0" ind2=" ">
    <subfield code="a">&#x643;&#x62A;&#x628; &#x642;&#x627;&#x646;&#x648;&#x646;&#x64A;&#x629;</subfield>
  </datafield>
  <datafield tag="504" ind1=" " ind2=" ">
    <subfield code="a">&#x64A;&#x634;&#x62A;&#x645;&#x644; &#x639;&#x644;&#x649; &#x625;&#x631;&#x62C;&#x627;&#x639;&#x627;&#x62A; &#x628;&#x628;&#x644;&#x64A;&#x648;&#x62C;&#x631;&#x627;&#x641;&#x64A;&#x629;.</subfield>
  </datafield>
  <datafield tag="650" ind1=" " ind2="7">
    <subfield code="a">&#x627;&#x644;&#x645;&#x62D;&#x643;&#x645;&#x629; &#x627;&#x644;&#x62C;&#x646;&#x627;&#x626;&#x64A;&#x629; &#x627;&#x644;&#x62F;&#x648;&#x644;&#x64A;&#x629;.</subfield>
    <subfield code="2">BUEsh</subfield>
  </datafield>
  <datafield tag="650" ind1=" " ind2="7">
    <subfield code="a">&#x627;&#x644;&#x642;&#x627;&#x646;&#x648;&#x646; &#x627;&#x644;&#x62F;&#x648;&#x644;&#x64A; &#x627;&#x644;&#x62C;&#x646;&#x627;&#x626;&#x64A;.  </subfield>
    <subfield code="2">BUEsh</subfield>
  </datafield>
  <datafield tag="651" ind1=" " ind2=" ">
    <subfield code="2">BUEsh</subfield>
  </datafield>
  <datafield tag="653" ind1=" " ind2=" ">
    <subfield code="b">LLAAWW</subfield>
    <subfield code="c">May2017</subfield>
  </datafield>
  <datafield tag="942" ind1=" " ind2=" ">
    <subfield code="2">ddc</subfield>
  </datafield>
  <datafield tag="999" ind1=" " ind2=" ">
    <subfield code="c">24766</subfield>
    <subfield code="d">24738</subfield>
  </datafield>
  <datafield tag="952" ind1=" " ind2=" ">
    <subfield code="0">0</subfield>
    <subfield code="1">0</subfield>
    <subfield code="2">ddc</subfield>
    <subfield code="4">0</subfield>
    <subfield code="7">0</subfield>
    <subfield code="8">Scien G.</subfield>
    <subfield code="a">MAIN</subfield>
    <subfield code="b">MAIN</subfield>
    <subfield code="c">1ST</subfield>
    <subfield code="d">2017-05-03</subfield>
    <subfield code="e">Purchase</subfield>
    <subfield code="g">170.00</subfield>
    <subfield code="h">666</subfield>
    <subfield code="o">345.01 &#x64A; &#x648; &#x633;</subfield>
    <subfield code="p">000041766</subfield>
    <subfield code="r">2025-07-15 00:00:00</subfield>
    <subfield code="v">212.50</subfield>
    <subfield code="y">BB</subfield>
  </datafield>
</record>
